000 00563nam a2200193Ia 4500
005 20250508152612.0
008 008 250505s9999 xx 000 0 eng d
037 _aBooks to be hide in OPAC
040 _aFEDL
_beng
_cFEDL
041 _aeng
_2eng
084 _a500, ATK/O
_qFEDL
100 _aAtkinson A
245 0 _aGeneral science workbook for tropical schools. Book 1
260 _aLondon, UK
_bOxford University Press
_c1955
300 _avi,65p.
700 _a Daniel F
_9761916
942 _cHB
_h500, ATK/O
999 _c1337523
_d1337523